| 000 | 00538nam a2200181Ia 4500 | ||
|---|---|---|---|
| 999 |
_c2081 _d2081 |
||
| 003 | OSt | ||
| 005 | 20200812143112.0 | ||
| 008 | 190216s9999||||xx |||||||||||||| ||und|| | ||
| 020 | _a0852261411 | ||
| 040 | _coclc | ||
| 082 |
_a547 _bCOT/A |
||
| 100 |
_aCotton, F Albert _94076 |
||
| 245 | 0 |
_aAdvanced Inorganic Chemistry / _cF Albert Cotton ; Geoffrey Wilkinson |
|
| 260 |
_bWiley Eastern Ltd, _c1972. _aNew Delhi: |
||
| 300 | _a1140p | ||
| 650 | _aChemistry-Chemistry | ||
| 942 |
_cBK _2ddc _h547 _iCOT/A _k547 _mCOT/A |
||